Metodika projektování automatizace ASŘ

Gespeichert in:
Bibliographische Detailangaben
Format: Buch
Sprache:Tschechisch
Veröffentlicht: Praha Státní pedagogické nakladatelství 1974
Tags: Tag hinzufügen
Keine Tags, Fügen Sie das erste Tag hinzu!

MARC

LEADER 00000nam a2200000 4500
001 c120515
005 20260323072225.1
041 0 |a cze 
044 |a CZ 
245 1 0 |a Metodika projektování automatizace ASŘ  |c Jan Ehleman 
264 1 |a Praha  |b Státní pedagogické nakladatelství  |c 1974 
300 |a 107 s.